<?xml version="1.0" encoding="UTF-8"?><?xml-stylesheet type="text/xsl" href="static/style.xsl"?><OAI-PMH xmlns="http://www.openarchives.org/OAI/2.0/" xmlns:xsi="http://www.w3.org/2001/XMLSchema-instance" xsi:schemaLocation="http://www.openarchives.org/OAI/2.0/ http://www.openarchives.org/OAI/2.0/OAI-PMH.xsd"><responseDate>2026-04-29T06:45:18Z</responseDate><request verb="GetRecord" identifier="oai:repisalud.isciii.es:20.500.12105/23166" metadataPrefix="marc">https://repisalud.isciii.es/rest/oai/request</request><GetRecord><record><header><identifier>oai:repisalud.isciii.es:20.500.12105/23166</identifier><datestamp>2024-11-29T05:46:08Z</datestamp><setSpec>com_20.500.12105_15322</setSpec><setSpec>com_20.500.12105_2051</setSpec><setSpec>col_20.500.12105_16967</setSpec></header><metadata><record xmlns="http://www.loc.gov/MARC21/slim" xmlns:dcterms="http://purl.org/dc/terms/" xmlns:doc="http://www.lyncode.com/xoai" xmlns:xsi="http://www.w3.org/2001/XMLSchema-instance" xsi:schemaLocation="http://www.loc.gov/MARC21/slim http://www.loc.gov/standards/marcxml/schema/MARC21slim.xsd">
   <leader>00925njm 22002777a 4500</leader>
   <datafield ind2=" " ind1=" " tag="042">
      <subfield code="a">dc</subfield>
   </datafield>
   <datafield ind2=" " ind1=" " tag="720">
      <subfield code="a">Bover-Bauza, Catalina</subfield>
      <subfield code="e">author</subfield>
   </datafield>
   <datafield ind2=" " ind1=" " tag="720">
      <subfield code="a">Rosselló Gomila, Maria Antonia</subfield>
      <subfield code="e">author</subfield>
   </datafield>
   <datafield ind2=" " ind1=" " tag="720">
      <subfield code="a">Díaz Pérez, David</subfield>
      <subfield code="e">author</subfield>
   </datafield>
   <datafield ind2=" " ind1=" " tag="720">
      <subfield code="a">Millán-Pons, Aina Rosa</subfield>
      <subfield code="e">author</subfield>
   </datafield>
   <datafield ind2=" " ind1=" " tag="720">
      <subfield code="a">Gil Sanchez, Jose Antonio</subfield>
      <subfield code="e">author</subfield>
   </datafield>
   <datafield ind2=" " ind1=" " tag="720">
      <subfield code="a">Pena-Zarza, Jose Antonio</subfield>
      <subfield code="e">author</subfield>
   </datafield>
   <datafield ind2=" " ind1=" " tag="720">
      <subfield code="a">Figuerola Mulet, Joan</subfield>
      <subfield code="e">author</subfield>
   </datafield>
   <datafield ind2=" " ind1=" " tag="720">
      <subfield code="a">Osona Rodríguez, Borja</subfield>
      <subfield code="e">author</subfield>
   </datafield>
   <datafield ind2=" " ind1=" " tag="260">
      <subfield code="c">2021</subfield>
   </datafield>
   <datafield ind2=" " ind1=" " tag="520">
      <subfield code="a">Introduction: Asthma exacerbation is among the commonest causes for pediatric emergency room visits, and respiratory viruses are frequent triggers of such exacerbations. Few studies have evaluated the consequences of the novel human coronavirus that causes the illness currently known as COVID-19, in the pediatric population. Purpose: The objective of this study was to analyze the impact of the COVID-19 pandemic and lockdown measures on the emergency department in the pediatric asthmatic patient. Patients and Methods: This retrospective observational study evaluated pediatric patients treated at the Pediatric Emergency Service for wheezing episodes. Changes in the number and characteristics of these patients over the same period of 2019 as compared to 2020 during the month following the alarm declaration (March 14 to April 15) were evaluated. Results: In total, data of 30 asthma patients managed in the period after the declaration of the coronavirus pandemic and of 158 asthma patients managed in the pre-COVID-19 period were included. In 2020, patient visits decreased by 82% in 2019. No statistically significant differences among age, sex, oxygen saturation, fever status, or number of severe bronchospasm episodes were found. Nebulized medication usage was reduced significantly since the alarm declaration. No significant increase in requests for complementary testing in the COVID-19 period was found. No patient requiring hospital admission was found to be PCR SARS-CoV-2 positive. Median time spent in the emergency department decreased from 180 minutes in 2019 to 85 minutes in the COVID-19 era. Conclusion: The COVID-19 pandemic and ensuing lockdown measures have led to an extraordinary reduction in emergency visits to the pediatric service. The ongoing pandemic has also led to improvements in the approach to asthma exacerbations and wheezing, to reduce the risk of exposure to the virus, such as increased use of pressurized metered dose inhaler and decreased time in the Emergency Department.</subfield>
   </datafield>
   <datafield ind1="8" ind2=" " tag="024">
      <subfield code="a">Bover-Bauza C, Gomila MAR, Perez DD, Pons ARM, Sanchez JAG, Pena-Zarza JA, et al. The Impact of the SARS-CoV-2 Pandemic on the Emergency Department and Management of the Pediatric Asthmatic Patient. J Asthma Allergy. 2021;14:101-8.</subfield>
   </datafield>
   <datafield ind1="8" ind2=" " tag="024">
      <subfield code="a">1178-6965</subfield>
   </datafield>
   <datafield ind1="8" ind2=" " tag="024">
      <subfield code="a">https://hdl.handle.net/20.500.13003/19862</subfield>
   </datafield>
   <datafield ind1="8" ind2=" " tag="024">
      <subfield code="a">https://hdl.handle.net/20.500.12105/23166</subfield>
   </datafield>
   <datafield ind1="8" ind2=" " tag="024">
      <subfield code="a">33568921</subfield>
   </datafield>
   <datafield ind1="8" ind2=" " tag="024">
      <subfield code="a">10.2147/JAA.S284813</subfield>
   </datafield>
   <datafield ind1="8" ind2=" " tag="024">
      <subfield code="a">Journal of Asthma and Allergy</subfield>
   </datafield>
   <datafield ind1="8" ind2=" " tag="024">
      <subfield code="a">2-s2.0-85101142009</subfield>
   </datafield>
   <datafield ind1="8" ind2=" " tag="024">
      <subfield code="a">623885500001</subfield>
   </datafield>
   <datafield ind1="8" ind2=" " tag="024">
      <subfield code="a">L2006022199</subfield>
   </datafield>
   <datafield tag="653" ind2=" " ind1=" ">
      <subfield code="a">COVID-19</subfield>
   </datafield>
   <datafield tag="653" ind2=" " ind1=" ">
      <subfield code="a">Pandemic</subfield>
   </datafield>
   <datafield tag="653" ind2=" " ind1=" ">
      <subfield code="a">Asthma</subfield>
   </datafield>
   <datafield tag="653" ind2=" " ind1=" ">
      <subfield code="a">Wheezing</subfield>
   </datafield>
   <datafield tag="653" ind2=" " ind1=" ">
      <subfield code="a">Children</subfield>
   </datafield>
   <datafield ind2="0" ind1="0" tag="245">
      <subfield code="a">The Impact of the SARS-CoV-2 Pandemic on the Emergency Department and Management of the Pediatric Asthmatic Patient</subfield>
   </datafield>
</record></metadata></record></GetRecord></OAI-PMH>